000 00391nam a22001577a 4500
003 OSt
008 250502b |||||||| |||| 00| 0 eng d
020 _a9788170770459
100 _aSARSAWATI,Swami Jagdishwaranand
245 _aChanakya niti darpan
250 _a23th
260 _aNew Delhi
_bVijaykumar Govindram Hasanand
_c2023
300 _a278
650 _aGeneral
942 _2ddc
_cBK
999 _c13497
_d13497